| 000 | 00907nam a22001935i 4500 | ||
|---|---|---|---|
| 001 | 163017 | ||
| 003 | ES-MaACL | ||
| 005 | 20230906212641.0 | ||
| 008 | 050916s1896 sp | |||||||| ||spa d | ||
| 040 |
_aCAM _bspa _cCAM |
||
| 110 | 2 |
_aReal Academia de Bellas Artes de San Carlos (Valencia) _96290 |
|
| 245 | 1 | 0 | _aMemoria de la sesión pública que celebró la Real Academia de Bellas Artes de San Carlos de Valencia el dia 4 de octubre de 1896 con motivo de la apertura del curso de 1896 á 1897. |
| 260 |
_aValencia : _b[s.n.], _c1896 ( _fImprenta de Federico Domenech) |
||
| 300 |
_a28 p. ; _c26 cm. |
||
| 594 | _aMemoria leida por Luis Tramoyeres Blasco. | ||
| 610 | 2 | 4 |
_aReal Academia de Bellas Artes de San Carlos (Valencia)- _vMemorias. _9151459 |
| 700 | 1 |
_aTramoyeres Blasco, Luis. _9111218 |
|
| 852 |
_aES-MaACL _jT-842-F-5 _z-- Enc. hol. conservando la cub. original _z-- Enc. en un vol. facticio |
||
| 999 |
_c163017 _d163017 |
||